000 00503nam a2200169Ia 4500
003 IN-BaIIA
008 211028s9999 xx 000 0 eng d
040 _cIIA Library
080 _a550.3
_bTAK
100 _aTakeuchi, Hitoshi
_95142
245 0 _aTheory of the Earth's Interior
_cHitoshi Takeuchi
260 _aLondon
_bBlaisdell Publishing
_c1966
300 _aviii, 131p.
650 _aAstronomy and Astrophysics Thesaurus
650 _aEarth
942 _cBK
999 _c2880
_d2880